Innovative reward system for the changing work place (Record no. 530)

MARC details
000 -LEADER
fixed length control field 00434nam a22001697a 4500
005 - DATE AND TIME OF LATEST TRANSACTION
control field 20160511115650.0
008 - FIXED-LENGTH DATA ELEMENTS--GENERAL INFORMATION
fixed length control field 160511b xxu||||| |||| 00| 0 eng d
020 ## - INTERNATIONAL STANDARD BOOK NUMBER
ISBN 0-07-059843-6
041 ## - LANGUAGE CODE
Language code of text/sound track or separate title eng
082 ## - DEWEY DECIMAL CLASSIFICATION NUMBER
Item number 1258
100 ## - MAIN ENTRY--AUTHOR NAME
Personal name wilson B. homes
245 ## - TITLE STATEMENT
Title Innovative reward system for the changing work place
260 ## - PUBLICATION, DISTRIBUTION, ETC. (IMPRINT)
Place of publication New Delhi
Name of publisher Tata MC Graw Hill,
Year of publication 2004
300 ## - PHYSICAL DESCRIPTION
Number of Pages 379
650 ## - SUBJECT ADDED ENTRY--TOPICAL TERM
Topical Term Management
942 ## - ADDED ENTRY ELEMENTS (KOHA)
Koha item type Books
Holdings
Lost status Damaged status Home library Current library Date acquired Cost, normal purchase price Full call number Accession Number Koha item type
Lost   JRU Library JRU Library 11/05/2016 375.00 1258 1258 Books